000 01334nam a2200277Ia 4500
999 _c4386
_d4386
005 20200430112807.0
008 191128s2018 CK gr 000 0dspa d
020 _a9789585477254
040 _aCO-JMCR
_cCO-JMCR
041 0 _aspa
082 0 4 _a305.42 /
_bD141e
100 1 _aD'Alessandro, Mercedes,
_eautora
_93761
245 1 0 _aEconomía feminista :
_blas mujeres, el trabajo y el amor /
_cMercedes D'Alessandro
250 _aSegunda edición
260 _aBogotá :
_bPenguin Random House,
_c2018
300 _a234 páginas ;
_c23 cm.
490 0 _aNo ficción
504 _aBibliográfia: páginas 225-234.
505 _aLas mujeres ganan menos que los hombres -- Amas de casa desesperadas -- Madres al borde de un ataque de nervios -- La pobreza es sexista -- La barbie CEO de cristal -- Las mujeres al poder -- Alicia en el país de las maravillas
520 _aEconomía feminista propone, basándose en evidencias estadísticas, una mirada que cuestiona la economía como ciencia y plantea nuevas dimensiones a las viejas disputas sobre desigualdad y pobreza, al tiempo que aporta ideas para construir una sociedad.
650 1 4 _aFeminismo
_93762
650 2 4 _aEconomía feminista
_93763
650 2 4 _aMujeres en el desarrollo Mujeres
_93764
650 2 4 _aCondiciones económicas
_93765
942 _2ddc
_cBK